000
00414nam a2200157Ia 4500
008
090124s9999 xx 000 0 und d
082
_b
130494
245
_a
फ्रीडम ट्रॅप
250
_a
1
260
_c
2001
300
_a
240
630
_a
फ्रीडम ट्रॅप
700
_a
मांडे अरुण
730
_a
फ्रीडम ट्रॅप
942
_c
BOOK
999
_c
176583
_d
176583